000 01111nam a2200289 i 4500
001 69545
003 Mx-PuUPA
005 20230530082509.0
008 220530s2016 ck ad||gr|||| 00| 0 spa d
020 _a9789586993098
040 _aMx-PuUPA
_brda
_cMx-PuUPA
_dMx-PuUPA
_espa
041 0 _aspa
100 1 _aBernal Torres, César Augusto,
_eautor
_912672
245 1 0 _aMetodología de la investigación :
_badministración, economía, humanidades y ciencias sociales /
_cCésar Bernal
250 _aCuarta edición
264 1 _aColombia :
_bPearson Educación de Colombia,
_c©2016
300 _axvi, 384 páginas :
_bilustraciones, gráficas ;
_c26 cm
336 _2rdacontent
_atexto
_btxt
337 _2rdamedia
_asin medio
_bn
338 _2rdacarrier
_avolumen
_bnc
650 7 _2armarc
_aInvestigación
_xMetodología
942 _2ddc
_cLI
_h001.42
_iB482
999 _c69545
_d69545